Mayo del 68. una época de cambios, un cambio de época / Volumen II :
Shranjeno v:
| Korporativna značnica: | |
|---|---|
| Drugi avtorji: | , |
| Format: | Elektronski Conference Proceeding eKnjiga |
| Jezik: | španščina angleščina |
| Izdano: |
Pozuelo de Alarcón, Madrid :
Universidad Francisco de Vitoria,
2019.
|
| Izdaja: | Primera edición. |
| Teme: | |
| Online dostop: | Digitalia Hispánica |
| Oznake: |
Označite
Brez oznak, prvi označite!
|
MARC
| LEADER | 00000nam a2200000 i 4500 | ||
|---|---|---|---|
| 001 | DIGEDUFV0033 | ||
| 003 | NyNyDIG | ||
| 006 | m o d | ||
| 008 | 210606s2019 sp a ob 100 0 spa d | ||
| 007 | cr ||||||||||| | ||
| 035 | |a (OCoLC)1256234579 | ||
| 040 | |a DGITA |b eng |e rda |e pn |c DGITA | ||
| 020 | |a 9788417641375 |q edición digital | ||
| 020 | |a 8417641378 |q edición digital | ||
| 020 | |z 9788417641368 |q edición impresa | ||
| 020 | |z 841764136X |q edición impresa | ||
| 041 | 0 | |a spa |a eng | |
| 050 | 1 | 4 | |a D848 ebook |
| 111 | 2 | |a Congreso Internacional Mayo del 68 |d (2018 : |c Madrid, Spain), |e author. | |
| 245 | 1 | 0 | |a Mayo del 68. |n Volumen II : |b una época de cambios, un cambio de época / |c Congreso Internacional 8-10 de noviembre de 2018 Universidad Francisco de Vitoria (Madrid) ; coordinadora, Elena Postigo Solana ; directora, María Lacalle Noriega. |
| 246 | 1 | 4 | |a Actas UFV : |b Congreso Internacional, 8-10 de noviembre de 2018, Universidad Francisco de Vitoria (Madrid) |
| 250 | |a Primera edición. | ||
| 264 | 1 | |a Pozuelo de Alarcón, Madrid : |b Universidad Francisco de Vitoria, |c 2019. | |
| 300 | |a 1 online resource : |b illustrations. | ||
| 336 | |a text |2 rdacontent | ||
| 337 | |a computer |b c |2 rdamedia | ||
| 338 | |a online resource |b cr |2 rdacarrier | ||
| 347 | |a text file |2 rdaft | ||
| 347 | |b EPUB | ||
| 546 | |a Conference papers in Spanish and English. | ||
| 504 | |a Includes bibliographical references. | ||
| 505 | 0 | |a De los panfletos de Mayo del 1968 a los foros digitales del siglo XXI : oportunidades y desafíos de la comunicación internacional en la articulación global de los movimientos sociales / Juan Luis López-Aranguren -- La música de Mayo del 68 / Alfredo Arense -- El dirigismo cultural y las series / Natalia Reig Aleixandre -- Libertad y dominación en El hombre unidimensional de Herbert Marcuse / David García Díaz -- Influencia de Sigmund Freud en la ideología generada desde los acontecimientos de Mayo del 68 / José Jara Rascón -- Del género como constructo sociocultural al género sentido : sobre la evolución del pensamiento radical de género y la ruptura de las tensiones constitutivas de la persona humana / Viviana González Hincapié -- De la "teoría" a la falacia de la identidad de género / Juan Pablo Faúndez Allier -- Si es ideología, ¿dónde está mi libertad? / Susana Miró López -- Nihilismo, revolución sexual e ideología de género en las series de ficción televisivas / Luis Antonio Curiel Calleja -- Un nuevo colonialismo : la ideología de género: implicaciones sociales, culturales y educativas / Carmen Sánchez Maíllo -- 1968-2008 : dos mayos, dos Europas / Óscar Elía -- Vida familiar y empleo femenino : necesidad de políticas públicas y privadas eficaces / Consuelo León Llorente -- Una propuesta de acompañamiento cordial desde la vulnerabilidad / Carmen de la Calle Maldonado, Cecilia Castañera Ribé -- El Mayo del 68, exigencia de fraternidad y acompañamiento / Patricia Castaño, Tasio Pérez, María Fernanda Gambarini -- Los programas de calidad de vida como una alternativa al envejecimiento de las personas con discapacidad intelectual / Teresa de Jesús González Barbero -- Dealing with post abortion syndrome : when memory hurts / Maria José Vilaça -- Perspectiva de género: teoría y praxis en el sistema educativo uruguayo / Diego Velasco Suárez -- Educar para una sexualidad original y abierta / Luis Manuel Martínez Domínguez -- Los Colegios Mayores y el reto de la educación universitaria en España / Ma. Ángeles Martín Rodríguez-Ovelleiro, Agustina Jutard Facio-Zeballos -- Las mujeres siguen siendo madres, esposas, compañeras e hijas a pesar de los cambios sociales / Cristina Ruiz-Alberdi Fernández -- La primavera digital: el espíritu del 68 y la singularidad tecnológica / Rafael Monterde Ferrando -- De la revolución sexual al neovitalismo queer : implicaciones bioéticas de un momento emancipador fallido / Enrique Eduardo Burguete Miguel -- Pensar, debatir y actuar por la dignidad humana / Graça Varão, Sofia Guedes -- La diferenciación de sexos y su relevancia en el origen de algunos conflictos jurídicos en educación / María del Mar Martín García -- ¿Es posible instrumentalizar las leyes para generar cambios sociales? / Ma. Amalia Faná del Valle Villar -- "Ne perds pas ta vie à la gagner" : reflexiones sobre la dignidad humana de los trabajadores a propósito de un eslogan de Mayo del 68 / José María Peláez Marqués, Gloria Claudio Quiroga -- De una sana antropología a una sana ecología / Álvaro Jesús Roca Palop -- Mayo del 68 y las tres dimensiones humanas / Juan Palao-Uceda -- El cuerpo y la persona, ¿realidad o elección?: una visión antropológica desde el personalismo / Pilar Ferrer Rodríguez -- Alberto Methol Ferré : sus reflexiones con ocasión de la Humanae vitae / Elaisa Varela Vega. | |
| 588 | 0 | |a Online resource; title from ePub title page (Digitalia, viewed June 7, 2021) | |
| 650 | 0 | |a Nineteen sixty-eight, A.D. |v Congresses. | |
| 650 | 0 | |a Civilization, Modern |y 20th century |v Congresses. | |
| 650 | 0 | |a Student movements |x History |y 20th century |v Congresses. | |
| 655 | 7 | |a Conference papers and proceedings. |2 lcgft | |
| 655 | 0 | |a Electronic books. | |
| 700 | 1 | |a Postigo Solana, Elena, |e editor. | |
| 700 | 1 | |a Lacalle Noriega, María, |e editor. | |
| 791 | 2 | |a Digitalia (Firm), |e distributor. | |
| 793 | 0 | |g Digitalia eBook Collection: |a Editorial Universidad Francisco de Vitoria | |
| 776 | 0 | 8 | |i Print version: |a Congreso Internacional Mayo del 68 (2018 : Madrid, Spain). |t Mayo del 68. |b Primera edición. |d Pozuelo de Alarcón, Madrid : Universidad Francisco de Vitoria, 2019 |z 9788417641368 |
| 856 | 4 | 0 | |3 Digitalia Hispánica |u https://digitalia.unach.elogim.com/a/70204/ |
| 910 | |a Premium collection: 2021 | ||